Health impact assessments and community engagement webinar

La evaluacin̤ de impacto a la salud (EIS) es un enfoque prc̀tico de colaboracin̤ con otros sectores que traslada la investigacin̤ en salud pb͠lica en predicciones y recomendaciones razonables que los responsables polt̕icos pueden utilizar para asegurar que las nuevas decisiones pb͠licas contribuyan...

Mô tả đầy đủ

Đã lưu trong:
Chi tiết về thư mục
Tác giả khác: Wernham Aaron, Wendel Arthur, Canal NIEHS
Định dạng: Sách
Ngôn ngữ:Tiếng Anh
Những chủ đề:
Truy cập trực tuyến:Health impact assessments and community engagement webinar
Các nhãn: Thêm thẻ
Không có thẻ, Là người đầu tiên thẻ bản ghi này!

MARC

LEADER 00000nam a22000004a 4500
001 vpro3211
005 20201223000000.0
008 121019s2012 ck # g## #001 0#eng#d
020
022
040 |a CO-BoINGC 
041 0 |a eng 
245 1 0 |a Health impact assessments and community engagement webinar 
246 |a Webinar sobre evaluaciones de impactos en la salud y participacin̤ de la comunidad  
264 |a Bogot ̀(Colombia) :  |b Revista VirtualPRO,  |c 2012 
520 3 |a La evaluacin̤ de impacto a la salud (EIS) es un enfoque prc̀tico de colaboracin̤ con otros sectores que traslada la investigacin̤ en salud pb͠lica en predicciones y recomendaciones razonables que los responsables polt̕icos pueden utilizar para asegurar que las nuevas decisiones pb͠licas contribuyan a la formacin̤ de comunidades ms̀ sanas.En este webinar se exploran los beneficios y los retos de las EIS cuando se aplican en asuntos de salud pb͠lica ambiental. Adems̀, se brindan varios estudios de caso donde se han utilizado EIS para abordar problemas de la comunidad. 
650 \ \ |a Salud 
650 \ \ |a Salud pb͠lica 
650 \ \ |a Health 
650 \ \ |a Public health 
650 \ \ |a evaluacin̤ de impacto a la salud 
650 \ \ |a participacin̤ de la comunidad  
650 \ \ |a health impact assessment 
650 \ \ |a community engagement  
700 \ \ |a Wernham Aaron 
700 \ \ |a Wendel Arthur  
700 \ \ |a Canal NIEHS. 
856 |z Health impact assessments and community engagement webinar  |u https://virtualpro.unach.elogim.com/biblioteca/webinar-sobre-evaluaciones-de-impactos-en-la-salud-y-participacion-de-la-comunidad-